000 00343nam a2200145Ia 4500
008 230917s9999||||xx |||||||||||||| ||und||
040 _e153422
_aMAIN
041 _aEnglish
082 _a891.2109 R137K
100 _aRajshekhar
245 0 _aKavya mimamsa
260 _aPatna
_bBihar Rashtrabhasha Prichey
300 _a344p p.
942 _cBK
999 _c45607
_d45607